Improving stress resilience in plants (Record no. 745135)

MARC details
000 -LEADER
fixed length control field 00553nam a22001817a 4500
003 - CONTROL NUMBER IDENTIFIER
control field OSt
005 - DATE AND TIME OF LATEST TRANSACTION
control field 20250130095145.0
008 - FIXED-LENGTH DATA ELEMENTS--GENERAL INFORMATION
fixed length control field 250130b |||||||| |||| 00| 0 eng d
020 ## - INTERNATIONAL STANDARD BOOK NUMBER
International Standard Book Number 9780443189272
040 ## - CATALOGING SOURCE
Transcribing agency kul
082 ## - DEWEY DECIMAL CLASSIFICATION NUMBER
Classification number 632.1 AHA.I
084 ## - OTHER CLASSIFICATION NUMBER
Source of Number Colon Classification
245 ## - TITLE STATEMENT
Title Improving stress resilience in plants
Remainder of title : Physiological and biochemical basis utilization in breeding /
260 ## - PUBLICATION, DISTRIBUTION, ETC.
Place of publication, distribution, etc. Londin:
Name of publisher, distributor, etc. Academic Press - Eslevier,
Date of publication, distribution, etc. c2024.
300 ## - PHYSICAL DESCRIPTION
Extent 494 p.
700 ## - ADDED ENTRY--PERSONAL NAME
Relator code Editors
Personal name Ahanger, Mohammad Abass et.al.
942 ## - ADDED ENTRY ELEMENTS (KOHA)
Source of classification or shelving scheme Dewey Decimal Classification
Koha item type Book
Holdings
Withdrawn status Lost status Source of classification or shelving scheme Damaged status Not for loan Home library Current library Shelving location Date acquired Source of acquisition Total Checkouts Full call number Barcode Date last seen Price effective from Koha item type
    Dewey Decimal Classification     Dept. of Botany Dept. of Botany General Stacks 30/01/2025 Southern book star   632.1 AHA.I BOT10919 30/01/2025 30/01/2025 Book